Modelo para la seleccion de acueductos en la zona norte.

Збережено в:
Бібліографічні деталі
Автор: Cisneros Arce, Mario
Формат: Книга
Опубліковано: San José, Costa Rica 1988
Предмети:
Теги: Додати тег
Немає тегів, Будьте першим, хто поставить тег для цього запису!

MARC

LEADER 00000nam a2200000Ia 4500
003 004607
005 20221231144344.0
008 140114s1988 cr a m 000 ||s d
040 |c cru CEDI 
090 |a TFG 2111 
100 |a Cisneros Arce, Mario  |9 13607 
245 |a Modelo para la seleccion de acueductos en la zona norte. 
260 |c 1988  |a San José, Costa Rica 
300 |a  iv, 210 hojas : ilustraciones (algunas plegables) ; 28 cm  
500 |a  Proyecto de graduación (licenciatura en ingeniería civil)--Universidad de Costa Rica. Facultad de Ingeniería. Escuela de Ingeniería Civil 
650 |x SUMINISTRO DE AGUA - ZONA NORTE (COSTA RICA)  |9 13608 
942 |c TFG 
999 |c 20638  |d 20638